书目信息 |
| 题名: |
中外著名建筑
|
|
| 作者: | 陆坚 , 杨国清 编著 | |
| 分册: | ||
| 出版信息: | 上海 上海教育出版社 1984.11 |
|
| 页数: | 230页 | |
| 开本: | 19cm | |
| 丛书名: | 中学生文库 | |
| 单 册: | ||
| 中图分类: | TU-86 | |
| 科图分类: | ||
| 主题词: | 建筑物--介绍--中学生--课外读物--世界 | |
| 电子资源: | ||
| ISBN: | 7-5320-2483-0 | |
| 000 | 00682oam2 22002531 450 | |
| 001 | 1553169024 | |
| 005 | 20150121144652.95 | |
| 010 | @a7-5320-2483-0@dCNY1.95 | |
| 010 | @a7-5320-2483-0@dCNY1.95 | |
| 091 | @a7150.3199 | |
| 100 | @a19980916 f 0 | |
| 101 | 0 | @achi |
| 105 | @af 000yy | |
| 200 | 1 | @a中外著名建筑@f陆坚,杨国清编著 |
| 210 | @a上海@c上海教育出版社@d1984.11@h1996.9 | |
| 215 | @a230页@c图@d19cm | |
| 225 | 2 | @a中学生文库 |
| 461 | 0 | @12001 @a中学生文库 |
| 606 | 0 | @a建筑物@x介绍@x中学生@x课外读物@y世界 |
| 690 | @aTU-86@v5 | |
| 701 | 0 | @a陆坚@4编著 |
| 701 | 0 | @a杨国清@4编著 |
| 801 | 0 | @aCN@bTSSF@c20150121 |
| 905 | @aZUCC@dTU-86@eJY1 | |
| 中外著名建筑/陆坚,杨国清编著.-上海:上海教育出版社,1984.11(1996.9) |
| 230页:图;19cm.-(中学生文库) |
| ISBN 7-5320-2483-0:CNY1.95 |
| ● |
| 相关链接 |
|
|
|
|
正题名:中外著名建筑
索取号:TU-86/JY1
 
预约/预借
| 序号 | 登录号 | 条形码 | 馆藏地/架位号 | 状态 | 备注 |
| 1 | 7840330 | 278403309 | 学院路分馆/ [索取号:TU-86/JY1] | 在馆 | |
| 2 | 7840331 | 278403318 | 学院路分馆/ [索取号:TU-86/JY1] | 在馆 |